| Tag |
First Indicator |
Second Indicator |
Subfields |
| LEADER |
00000cam a2200000 4500 |
| 001 |
in00003817513 |
| 005 |
20190415185710.0 |
| 006 |
m o d |
| 007 |
cr |n||||||||n |
| 008 |
890131s1790 enk|||| o 00| ||eng c |
| 035 |
|
|
|a (CU-RivES)T188213
|
| 035 |
|
|
|a (Uk-ES)006282896
|
| 035 |
|
|
|a (OCoLC)509453619
|
| 040 |
|
|
|a Uk-ES
|c Uk-ES
|d CStRLIN
|d Cengage Gale
|d UtOrBLW
|
| 245 |
0 |
2 |
|a A New garland, containing three choice songs :
|b 1. Nancy's love for her serjeant. 2. Skew ball The Oxford scholar.
|
| 264 |
|
3 |
|a Preston :
|b printed by E. Sergent. Where may be had the greatest and most e... assortment of songs, histories and small books, wholesale and retail, at the lowest prices,
|c [1790?]
|
| 300 |
|
|
|a 1 online resource (8 pages) :
|b illustrations ;
|
| 336 |
|
|
|a text
|b txt
|2 rdacontent
|
| 337 |
|
|
|a computer
|b c
|2 rdamedia
|
| 338 |
|
|
|a online resource
|b cr
|2 rdacarrier
|
| 509 |
|
|
|a Elizabeth Sergent active in Preston in the 1790's
|
| 510 |
4 |
|
|a English Short Title Catalog,
|c T188213.
|
| 500 |
|
|
|a Reproduction of original from Bodleian Library (Oxford).
|
| 500 |
|
|
|a Electronic resource.
|
| 650 |
|
0 |
|a Songs, English
|v Early works to 1800.
|
| 655 |
|
7 |
|a Electronic books.
|2 local
|
| 655 |
|
7 |
|a Songs.
|2 rbgenr
|
| 710 |
2 |
|
|a Gale (Firm)
|0 http://id.loc.gov/authorities/names/no2008071348
|
| 752 |
|
|
|a Great Britain
|b England
|d Preston.
|
| 856 |
4 |
0 |
|u http://proxy.library.tamu.edu/login?url=http://find.galegroup.com/ecco/infomark.do?contentSet=ECCOArticles&docType=ECCOArticles&bookId=1366801900&type=getFullCitation&tabID=T001&prodId=ECCO&docLevel=TEXT_GRAPHICS&version=1.0&source=library&userGroupName=txshracd2898
|z Connect to the full text of this electronic book
|t 0
|
| 999 |
f |
f |
|s 72f27fc1-65b1-3fc4-927a-337f703fd22a
|i 4a29c17d-e2c0-3b17-92db-5109c2b6f1ca
|t 0
|
| 952 |
f |
f |
|a Texas A&M University
|b College Station
|c Electronic Resources
|d Available Online
|t 0
|h No information provided
|
| 998 |
f |
f |
|t 0
|l Available Online
|